00479nam a2200133Ia 4500008004100000100001800041245007200059245001900131260000900150650003300159856006100192999001900253952007300272160609s9999 xx 000 0 und d aSierz, Aleks. aRewriting The Nation: British Theatre Today (plays And Playwrights) cBy:Aleks Sierz c2011 xINTRODUCTION TO THEATRE ARTS uhttp://file.ebook777.com/RewTheNatBriTheTod(plAndPla.pdf c295638d295638 001040aCLbCLd2016-06-09l0r2016-06-09 00:00:00w2016-06-09yCBE